Normal view
MARC view
- Sneyd,Peter ؛series editor: Joseph G. Nellis
Entry Personal Name
001 - CONTROL NUMBER
- control field: 3187
003 - CONTROL NUMBER IDENTIFIER
- control field: JO-AjAnu
005 - DATE AND TIME OF LATEST TRANSACTION
- control field: 20230606070827.0
008 - FIXED-LENGTH DATA ELEMENTS
- fixed length control field: 230606|| aca||aabn | a|a d
040 ## - CATALOGING SOURCE
- Original cataloging agency: JO-AjAnu
- Transcribing agency: JO-AjAnu
100 ## - HEADING--PERSONAL NAME
- Personal name: Sneyd,Peter ؛series editor: Joseph G. Nellis
670 ## - SOURCE DATA FOUND
- Source citation: Work cat.: (JO-AjAnu)1669: Sneyd,Peter ؛series editor: Joseph G. Nellis, author, Principles of Accounting and Finance